Biología: la vida en la tierra
שמור ב:
| מחבר ראשי: | |
|---|---|
| מחברים אחרים: | , |
| פורמט: | ספר |
| שפה: | ספרדית |
| יצא לאור: |
Ciudad de México
Pearson Educación
2003
|
| מהדורה: | Sexta edición |
| נושאים: | |
| תגים: |
הוספת תג
אין תגיות, היה/י הראשונ/ה לתייג את הרשומה!
|
MARC
| LEADER | 00000nam a2200000 a 4500 | ||
|---|---|---|---|
| 001 | UCK6578 | ||
| 003 | CL-VaPUC | ||
| 005 | 20230112074257.0 | ||
| 008 | 051007e20030000MX |||||||||||||||||spa|d | ||
| 999 | |c 314852 |d 314850 | ||
| 020 | |a 9702603706 | ||
| 040 | |c Pontificia Universidad Católica de Valparaíso | ||
| 082 | 0 | 4 | |a 570 AUD 2003 |2 21 |
| 100 | 0 | |a Audesirk, Teresa |9 495983 | |
| 245 | 1 | 0 | |a Biología: la vida en la tierra |
| 250 | |a Sexta edición | ||
| 260 | |a Ciudad de México |b Pearson Educación |c 2003 | ||
| 300 | |a 892 páginas | ||
| 583 | |a last modification |c 20171031 11:00:26 |k Rodrigo Vera | ||
| 650 | 0 | |a Biología |9 262022 | |
| 650 | 0 | |a Genética |9 259443 | |
| 650 | 0 | |a Evolución |9 259442 | |
| 650 | 0 | |a Energía |9 259431 | |
| 650 | 0 | |a Células |9 269548 | |
| 650 | 0 | |a Ecología |9 258124 | |
| 700 | 0 | |a Audesirk, Gerald |9 495984 | |
| 700 | 0 | |a Byers, Bruce E |9 495985 | |
| 942 | |c BK |2 ddc | ||
| 945 | |d 20051007 00:00:00 |a jcarroza | ||
| 952 | |0 0 |1 0 |2 ddc |4 0 |6 570_000000000000000_AUD_2003 |7 0 |8 A |9 387627 |a BIBCUR |b BIBCUR |d 2019-11-22 |i 4247604 |l 1 |o 570 AUD 2003 |p 4247604 |r 2025-04-22 |s 2024-09-10 |t 1 |w 2019-11-22 |y BK |k BIO | ||
| 952 | |0 0 |1 0 |2 ddc |4 0 |6 570_000000000000000_AUD_2003 |7 0 |8 A |9 387629 |a BIBCUR |b BIBCUR |d 2019-11-22 |i 4247620 |l 1 |m 1 |o 570 AUD 2003 |p 4247620 |r 2025-04-22 |s 2022-03-10 |t 3 |w 2019-11-22 |y BK |k BIO | ||
| 952 | |0 0 |1 0 |2 ddc |4 0 |6 570_000000000000000_AUD_2003 |7 0 |8 A |9 387630 |a BIBCUR |b BIBCUR |d 2019-11-22 |i 4537335 |l 1 |o 570 AUD 2003 |p 4537335 |r 2025-04-22 |s 2024-06-28 |t 4 |w 2019-11-22 |y BK |k BCB | ||